Top Most Popular My Chemical Romance Songs - Statistics

General Stats
  • This quiz has been taken 6 times
  • The average score is 7 of 14
Answer Stats
Album Song % Correct
Three Cheers for Sweet Revenge Helena
100%
Three Cheers for Sweet Revenge I’m Not Okay (I Promise)
100%
The Black Parade Welcome to the Black Parade
100%
The Black Parade Welcome to the Black Parade (Live)
100%
The Black Parade Famous Last Words
75%
Foundations of Decay Foundations of Decay
75%
I Brought You My Bullets, You Brought Me Your Love Skylines & Turnstiles
50%
Three Cheers for Sweet Revenge Thank You for the Venom
25%
Conventional Weapons The Light Behind Your Eyes
25%
The Black Parade The Black Parade
0%
The Black Parade The Black Parade (Live)
0%
Danger Days: The True Lives of the Fabulous Killjoys The Kids from Yesterday
0%
Danger Days: The True Lives of the Fabulous Killjoys The Kids from Yesterday
0%
Three Cheers for Sweet Revenge Zero Percent
0%
No matching quizzes found
Score Distribution
Percent of People with Each Score
Percentile by Number Answered
Your Score History
You have not taken this quiz